Reinforced concrete (Record no. 39592)

000 -LEADER
fixed length control field 00495nam a2200193 4500
001 - CONTROL NUMBER
control field 39592
003 - CONTROL NUMBER IDENTIFIER
control field BD-DhUET
008 - FIXED-LENGTH DATA ELEMENTS--GENERAL INFORMATION
fixed length control field 161031b xxu||||| |||| 00| 0 eng d
040 ## - CATALOGING SOURCE
Transcribing agency 0
Modifying agency BD-DhUET
082 ## - DEWEY DECIMAL CLASSIFICATION NUMBER
Classification number 624.183
Item number WIG/2016
100 ## - MAIN ENTRY--PERSONAL NAME
Personal name Wight , James K.
245 ## - TITLE STATEMENT
Title Reinforced concrete
Remainder of title mechanics and design
250 ## - EDITION STATEMENT
Edition statement 7th ed.
260 ## - PUBLICATION, DISTRIBUTION, ETC. (IMPRINT)
Place of publication, distribution, etc. New York
Name of publisher, distributor, etc. Pearson education
Date of publication, distribution, etc. 2016
300 ## - PHYSICAL DESCRIPTION
Extent 1164 p.
504 ## - BIBLIOGRAPHY, ETC. NOTE
Bibliography, etc Includes bibliographies
650 #0 - SUBJECT ADDED ENTRY--TOPICAL TERM
Topical term or geographic name as entry element Reinforced concrete
942 ## - ADDED ENTRY ELEMENTS (KOHA)
Koha item type General Book
Holdings
Koha normalized classification for sorting Koha date last seen Date acquired Koha full call number Lost status Koha out on loan Koha date last borrowed Copy number Price effective from Not for loan Koha item type Koha issues (times borrowed) Location (home branch) Damaged status Piece designation (barcode) Withdrawn status Source of classification or shelving scheme Shelving location Sublocation or collection (holding branch)
624_183000000000000_WIG_20162021-01-272016-10-31624.183/WIG/2016 2022-01-272021-01-2712016-10-31 General Book3Central Library, BUET 114878  Circulation sectionCentral Library, BUET
624_183000000000000_WIG_20162023-05-072016-10-31624.183/WIG/2016  2023-04-1222016-10-31 General Book6Central Library, BUET 114879  Circulation sectionCentral Library, BUET